000 00478nam a2200157 i 4500
001 87530
003 ES-MaACL
005 20230906175704.0
007 t|
008 041222s1958 sp ||||1| eng d
100 1 _aKucera, Enrique.
_968945
245 1 2 _aA principality in the heart of the Pyrenees
_b: Andorra /
_cby Henry Kucera.
260 _aBarcelona :
_bEnrique Kucera,
_c[1958] (
_fS.A.D.A.G.)
300 _a63 p. :
_bil. ;
_c14 cm.
852 _aES-MaACL
_jD-8375
_bR.42844
999 _c87530
_d87530